Ładuje się......
The vision of India/
| 1. autor: | |
|---|---|
| Format: | Printed Book |
| Język: | English |
| Wydane: |
New Delhi:
Crest,
1994
|
| LEADER | 00524nam a22001577a 4500 | ||
|---|---|---|---|
| 003 | OSt | ||
| 005 | 20200624134524.0 | ||
| 008 | 151019b xxu||||| |||| 00| 0 eng d | ||
| 082 | |a 954.00992 MIT/V | ||
| 100 | |a Mitra, Sisirkumar | ||
| 245 | |a The vision of India/ |c Sisirkumar Mitra | ||
| 260 | |a New Delhi: |b Crest, |c 1994 | ||
| 300 | |a 336p. | ||
| 942 | |2 ddc |c BK | ||
| 999 | |c 323058 |d 323058 | ||
| 952 | |0 0 |1 0 |2 ddc |4 0 |6 954_009920000000000_MIT_V |7 0 |9 369513 |a CSC |b CSC |c ST1 |d 2015-10-19 |i 10234 |l 0 |o 954.00992 MIT/V |p CSC10234 |r 2015-10-19 |w 2015-10-19 |y BK | ||